| 000 | 00592nam a22001937a 4500 | ||
|---|---|---|---|
| 005 | 20170208122513.0 | ||
| 010 | _aENG-107645 | ||
| 020 |
_a9789381588574 _c135.00 |
||
| 020 |
_a9381588570 _c135.00 |
||
| 035 | _aEN-91178 | ||
| 037 | _bDBAD/PUB | ||
| 082 | _a658.8 | ||
| 100 | _aBittu Kumar | ||
| 245 |
_aMarketing for beginners : _cby Bittu Kumar _bthe key concepts and steps for young executives / |
||
| 260 |
_bV and S Publishers _c2012 |
||
| 270 |
_aF-2/16, Ansari Road, Daryagunj _bNew Delhi _e110002 |
||
| 300 |
_a130p. _c22cm(pbk) |
||
| 942 |
_2ddc _cEN _mBIT _h658.8 |
||
| 999 |
_c76809 _d76809 |
||